000 00232nam a2200109Ia 4500
008 190216s9999||||xx |||||||||||||| ||und||
100 _aP A Varier
245 0 _aAlthara
260 _bCurrent Books
650 _aNadakam
942 _cBK
999 _c24423
_d24423